| 000 | 00876nam a2200229 a 4500 | ||
|---|---|---|---|
| 001 | 54870 | ||
| 003 | BD-RjUL | ||
| 005 | 20211209080159.0 | ||
| 008 | 161112s1962 bg ||||| |||| 00| 0 ben d | ||
| 035 | _a(BD-RjUL)54992 | ||
| 040 |
_aBD-RjUL _bben _cBD-RjUL _dBD-RjUL |
||
| 041 | _aben | ||
| 082 |
_223 _a370.92 _bAHJ 1962 |
||
| 100 |
_aআহ্ছানউল্লাহ _9163565 |
||
| 245 | 1 | 0 |
_aজীবন স্মৃতি / _cআহ্ছানউল্লাহ, |
| 250 | _aপরিবর্ত্তিত ও পরিবর্ধিত ৩য় সং. | ||
| 260 |
_aঢাকা : _bফেভারিট বুক্স্, _c১৯৬২ |
||
| 300 |
_a২২৭ পৃ. : _bচিত্র ; _c১৭ সেমি. |
||
| 650 |
_aশিক্ষাবিদ _vজীবনী _9135976 |
||
| 650 |
_aEducators _vBiography _9144912 |
||
| 942 |
_2ddc _cBK |
||
| 999 |
_c54870 _d54870 |
||